[Event "Titled Tuesday intern op 06th Feb Early"]
[Site "Chess.com INT"]
[Date "2024.02.06"]
[Round "3"]
[White "Szyszylo, Rafal"]
[Black "Tan, Jun Ying"]
[Result "0-1"]
[WhiteElo "2062"]
[BlackElo "2315"]
[PlyCount "64"]
[EventDate "2024.02.06"]
[EventType "swiss (blitz)"]
[EventRounds "11"]
[EventCountry "USA"]
[SourceTitle "CB07_2024"]
[SourceDate "2024.02.14"]
[SourceVersion "1"]
[SourceVersionDate "2024.02.14"]
[SourceQuality "1"]

1. e4 c5 2. Nc3 Nc6 3. Bb5 Nd4 4. Nf3 g6 5. 0-0 Bg7 6. Nxd4 cxd4 7. Ne2 a6 8. Bc4 b5 9. Bb3 Bb7 10. d3 e6 11. a4 Ne7 12. f4 0-0 13. Bd2 f5 14. e5 Nc6 15. axb5 axb5 16. Rxa8 Qxa8 17. Qa1 Qe8 18. Qa2 g5 19. fxg5 Nxe5 20. Nxd4 Qh5 21. Ne2 Qxe2 22. Rf2 Qd1+ 23. Rf1 Qxd2 24. Rf2 Qe1+ 25. Rf1 Qe3+ 26. Rf2 Ng4 27. Bxe6+ dxe6 28. Qxe6+ Qxe6 29. h3 Qe1+ 30. Rf1 Qe3+ 31. Kh1 Qxh3+ 32. Kg1 Qxg2# 0-1

[Event "Titled Tuesday intern op 16th Jan Early"]
[Site "Chess.com INT"]
[Date "2024.01.16"]
[Round "2"]
[White "Averchenko, Sergej"]
[Black "Szyszylo, Rafal"]
[Result "0-1"]
[WhiteElo "2164"]
[BlackElo "2075"]
[PlyCount "42"]
[EventDate "2024.01.16"]
[EventType "swiss (blitz)"]
[EventRounds "11"]
[EventCountry "USA"]
[SourceTitle "CB04_2024"]
[SourceDate "2023.10.16"]
[SourceVersion "1"]
[SourceVersionDate "2023.10.16"]
[SourceQuality "1"]

1. d4 g6 2. c4 Bg7 3. e4 d6 4. f3 Nf6 5. Nc3 0-0 6. Be3 e5 7. d5 Nh5 8. Nge2 f5 9. Qd2 fxe4 10. fxe4 a6 11. 0-0-0 b5 12. c5 b4 13. Na4 a5 14. Kb1 Nd7 15. Nc1 Ndf6 16. Bd3 Ng4 17. Bg1 Bh6 18. Qc2 Ne3 19. Bxe3 Bxe3 20. cxd6 cxd6 21. Nb6 Qxb6 0-1

[Event "Titled Tuesday intern op 16th Jan Early"]
[Site "Chess.com INT"]
[Date "2024.01.16"]
[Round "5"]
[White "Kim, Sergey2"]
[Black "Szyszylo, Rafal"]
[Result "1-0"]
[WhiteElo "2295"]
[BlackElo "2075"]
[PlyCount "41"]
[EventDate "2024.01.16"]
[EventType "swiss (blitz)"]
[EventRounds "11"]
[EventCountry "USA"]
[SourceTitle "CB04_2024"]
[SourceDate "2023.10.16"]
[SourceVersion "1"]
[SourceVersionDate "2023.10.16"]
[SourceQuality "1"]

1. d4 g6 2. c4 Bg7 3. Nc3 Nf6 4. e4 0-0 5. Nge2 d6 6. Ng3 e5 7. d5 c6 8. Be2 a5 9. 0-0 Na6 10. Be3 cxd5 11. cxd5 Bd7 12. h3 Nc5 13. Qd2 Rc8 14. Bh6 Bxh6 15. Qxh6 b5 16. f3 Qb6 17. Kh2 b4 18. Nd1 Ne8 19. Ne3 Ng7 20. f4 exf4 21. Rxf4 1-0

[Event "Titled Tuesday intern op 16th Jan Late"]
[Site "Chess.com INT"]
[Date "2024.01.16"]
[Round "4"]
[White "Seemann, Jakub"]
[Black "Szyszylo, Rafal"]
[Result "1-0"]
[WhiteElo "2439"]
[BlackElo "2075"]
[PlyCount "87"]
[EventDate "2024.01.16"]
[EventType "swiss (blitz)"]
[EventRounds "11"]
[EventCountry "USA"]
[SourceTitle "CB04_2024"]
[SourceDate "2023.10.16"]
[SourceVersion "1"]
[SourceVersionDate "2023.10.16"]
[SourceQuality "1"]

1. d4 g6 2. Bf4 d6 3. Nf3 Bg7 4. e3 Nf6 5. h3 0-0 6. Be2 Nfd7 7. 0-0 e5 8. Bh2 Nc6 9. c4 f5 10. Nc3 e4 11. Nd2 Nf6 12. f3 exf3 13. Bxf3 g5 14. Nd5 Ne7 15. Nxf6+ Bxf6 16. Nb1 Ng6 17. Nc3 Nh4 18. Qb3 Nxf3+ 19. Rxf3 Kh8 20. Raf1 Bg7 21. Kh1 Be6 22. e4 f4 23. Qxb7 Bxc4 24. Rd1 Rb8 25. Qc6 Be6 26. b3 g4 27. Rxf4 Rxf4 28. Bxf4 gxh3 29. g3 Bg4 30. Rd2 Bf3+ 31. Kh2 Bg2 32. Qd5 Qf8 33. Qh5 Re8 34. e5 dxe5 35. dxe5 c6 36. Rd7 Rd8 37. Qd1 Rxd7 38. Qxd7 h6 39. e6 Bf6 40. Nd1 Qe7 41. Ne3 Kg7 42. Nf5+ Kg6 43. Nxe7+ Bxe7 44. Qxe7 1-0

[Event "Titled Tuesday intern op 16th Jan Early"]
[Site "Chess.com INT"]
[Date "2024.01.16"]
[Round "4"]
[White "Subramanian, Anusha"]
[Black "Szyszylo, Rafal"]
[Result "0-1"]
[WhiteElo "2013"]
[BlackElo "2075"]
[PlyCount "106"]
[EventDate "2024.01.16"]
[EventType "swiss (blitz)"]
[EventRounds "11"]
[EventCountry "USA"]
[SourceTitle "CB04_2024"]
[SourceDate "2023.10.16"]
[SourceVersion "1"]
[SourceVersionDate "2023.10.16"]
[SourceQuality "1"]

1. e4 d6 2. d4 Nf6 3. Nc3 g6 4. Be3 c6 5. Qd2 b5 6. a3 Bg7 7. Bd3 Ng4 8. f3 Nxe3 9. Qxe3 0-0 10. Nge2 Nd7 11. 0-0 Qb6 12. Kh1 e5 13. Qd2 exd4 14. Nd1 Ne5 15. Nf2 c5 16. f4 Nc4 17. Bxc4 bxc4 18. Rab1 f5 19. b3 c3 20. Qd3 Ba6 21. Qf3 Rae8 22. Rfe1 Bb7 23. Ng3 Qc6 24. Re2 fxe4 25. Nfxe4 Qc7 26. Rbe1 Bc6 27. Qf2 Kh8 28. a4 a5 29. Ng5 Rxe2 30. Rxe2 Bd5 31. Ne6 Bxe6 32. Rxe6 Qf7 33. Rxd6 Qxf4 34. Qxf4 Rxf4 35. Kg1 h6 36. Rd8+ Kh7 37. Rd5 Bf8 38. Rd7+ Kh8 39. Ra7 c4 40. bxc4 Bb4 41. Ra8+ Kg7 42. Ra7+ Kf6 43. Ra6+ Kf7 44. Ra7+ Ke8 45. Ra8+ Kd7 46. Ra7+ Kc8 47. Ra8+ Kb7 48. Rd8 Bc5 49. Ne2 d3+ 50. Kh1 dxe2 51. Rd7+ Kc6 52. g3 e1Q+ 53. Kg2 Qf1# 0-1

[Event "Titled Tuesday intern op 16th Jan Early"]
[Site "Chess.com INT"]
[Date "2024.01.16"]
[Round "6"]
[White "Szyszylo, Rafal"]
[Black "Mekhitarian, Krikor Sevag"]
[Result "0-1"]
[WhiteElo "2075"]
[BlackElo "2554"]
[PlyCount "60"]
[EventDate "2024.01.16"]
[EventType "swiss (blitz)"]
[EventRounds "11"]
[EventCountry "USA"]
[SourceTitle "CB04_2024"]
[SourceDate "2023.10.16"]
[SourceVersion "1"]
[SourceVersionDate "2023.10.16"]
[SourceQuality "1"]

1. e4 e6 2. d4 d5 3. e5 c5 4. c3 Nc6 5. Nf3 Bd7 6. dxc5 Bxc5 7. b4 Bb6 8. b5 Na5 9. Bd3 Ne7 10. 0-0 Ng6 11. a4 0-0 12. Re1 Rc8 13. Qc2 Nc4 14. Nbd2 Nxd2 15. Bxd2 Re8 16. h4 Nxh4 17. Bxh7+ Kf8 18. Nxh4 Qxh4 19. Be3 g6 20. Bxg6 fxg6 21. Qxg6 Bxe3 22. Rxe3 Rc4 23. Rf3+ Rf4 24. Rxf4+ Qxf4 25. Re1 Qf7 26. Qg5 Qg7 27. Qf4+ Kg8 28. Re3 Rf8 29. Qh4 Kf7 30. Rg3 Qxe5 0-1

[Event "Titled Tuesday intern op 16th Jan Early"]
[Site "Chess.com INT"]
[Date "2024.01.16"]
[Round "7"]
[White "Szyszylo, Rafal"]
[Black "Uzuner, Tufan Can"]
[Result "1/2-1/2"]
[WhiteElo "2075"]
[BlackElo "1825"]
[PlyCount "93"]
[EventDate "2024.01.16"]
[EventType "swiss (blitz)"]
[EventRounds "11"]
[EventCountry "USA"]
[SourceTitle "CB04_2024"]
[SourceDate "2023.10.16"]
[SourceVersion "1"]
[SourceVersionDate "2023.10.16"]
[SourceQuality "1"]

1. e4 c6 2. d4 d5 3. e5 Bf5 4. h4 h5 5. Bg5 Qb6 6. Bd3 Qxd4 7. Nf3 Qg4 8. Bxf5 Qxf5 9. 0-0 e6 10. c4 Be7 11. cxd5 Bxg5 12. dxc6 Nxc6 13. hxg5 Nge7 14. Qb3 0-0 15. Nbd2 Nxe5 16. Qxb7 Nxf3+ 17. Nxf3 Nd5 18. Rac1 Rab8 19. Qxa7 Rxb2 20. a4 Nf4 21. Rc4 Qg4 22. Rxf4 Qxf4 23. g6 Ra2 24. gxf7+ Rxf7 25. Qa8+ Kh7 26. Qc6 Rf6 27. Re1 Qxa4 28. Ng5+ Kg6 29. Ne4 Ra1 30. Qxa4 Rxa4 31. Nxf6 Kxf6 32. g3 g5 33. Kg2 e5 34. Rh1 h4 35. gxh4 gxh4 36. Rh3 Kg5 37. Re3 Kf4 38. Rf3+ Kg4 39. Rf8 Rf4 40. Rg8+ Kf5 41. Ra8 Kg4 42. Rg8+ Kf5 43. Ra8 Ke4 44. Ra4+ Kd5 45. Ra5+ Ke6 46. Ra6+ Kf5 47. Ra8 1/2-1/2

[Event "Titled Tuesday intern op 09th Jan Early"]
[Site "Chess.com INT"]
[Date "2024.01.09"]
[Round "2"]
[White "Novozhilov, Semen"]
[Black "Szyszylo, Rafal"]
[Result "1-0"]
[WhiteElo "2272"]
[BlackElo "2075"]
[PlyCount "57"]
[EventDate "2024.01.09"]
[EventType "swiss (blitz)"]
[EventRounds "11"]
[EventCountry "USA"]
[SourceTitle "CB03_2024"]
[SourceDate "2024.01.17"]
[SourceVersion "1"]
[SourceVersionDate "2024.01.17"]
[SourceQuality "1"]

1. d4 d6 2. e4 g6 3. Nc3 Nf6 4. Nf3 Bg7 5. Be3 0-0 6. Qd2 c6 7. 0-0-0 b5 8. Bd3 a5 9. Bh6 Bxh6 10. Qxh6 Ng4 11. Qd2 b4 12. Na4 e5 13. dxe5 Nxe5 14. Nxe5 dxe5 15. h4 Ba6 16. Nc5 Bxd3 17. Nxd3 Qe7 18. h5 Nd7 19. Qh6 Nf6 20. hxg6 fxg6 21. f3 c5 22. g4 c4 23. g5 Nh5 24. Nf2 Qg7 25. Ng4 Qxh6 26. Nxh6+ Kh8 27. Rd7 Rad8 28. Rxd8 Rxd8 29. Nf7+ 1-0

[Event "Titled Tuesday intern op 09th Jan Early"]
[Site "Chess.com INT"]
[Date "2024.01.09"]
[Round "11"]
[White "Shuvalova, Polina"]
[Black "Szyszylo, Rafal"]
[Result "1-0"]
[WhiteElo "2475"]
[BlackElo "2075"]
[PlyCount "55"]
[EventDate "2024.01.09"]
[EventType "swiss (blitz)"]
[EventRounds "11"]
[EventCountry "USA"]
[SourceTitle "CB03_2024"]
[SourceDate "2024.01.17"]
[SourceVersion "1"]
[SourceVersionDate "2024.01.17"]
[SourceQuality "1"]

1. e4 d6 2. d4 Nf6 3. Nc3 g6 4. Nf3 Bg7 5. Be3 c6 6. Qd2 b5 7. a3 a5 8. Bd3 0-0 9. 0-0 e5 10. dxe5 dxe5 11. Nxe5 Nxe4 12. Nxe4 Bxe5 13. Bg5 Qc7 14. h3 Nd7 15. Rae1 f5 16. Ng3 Nc5 17. f4 Bd6 18. Qc3 Be6 19. Kh1 Rae8 20. Re3 Bd5 21. Be2 Ne4 22. Nxe4 Bxe4 23. Bf3 Bxf3 24. Rexf3 b4 25. axb4 Bxb4 26. Qc4+ Qf7 27. Qxc6 Re2 28. R3f2 1-0

[Event "Titled Tuesday intern op 09th Jan Early"]
[Site "Chess.com INT"]
[Date "2024.01.09"]
[Round "10"]
[White "Szyszylo, Rafal"]
[Black "Essing, Arnold"]
[Result "1-0"]
[WhiteElo "2075"]
[BlackElo "2216"]
[PlyCount "71"]
[EventDate "2024.01.09"]
[EventType "swiss (blitz)"]
[EventRounds "11"]
[EventCountry "USA"]
[SourceTitle "CB03_2024"]
[SourceDate "2024.01.17"]
[SourceVersion "1"]
[SourceVersionDate "2024.01.17"]
[SourceQuality "1"]

1. e4 Nf6 2. e5 Nd5 3. d4 d6 4. Nf3 g6 5. Bc4 Nb6 6. Bb3 Bg7 7. e6 Bxe6 8. Bxe6 fxe6 9. Ng5 Qd7 10. Qf3 Rf8 11. Qe2 e5 12. Nxh7 Rh8 13. Ng5 exd4 14. Qe6 Qxe6+ 15. Nxe6 Kd7 16. Nxg7 Rh7 17. c3 dxc3 18. Nxc3 Rxg7 19. Bg5 Nc6 20. 0-0-0 Rf7 21. f4 e5 22. g3 Re8 23. Rhf1 exf4 24. gxf4 Nc4 25. Rd3 Re3 26. Rf3 Rxf3 27. Rxf3 Nd4 28. Rh3 Ne6 29. Nd5 c6 30. Nf6+ Kc7 31. Rh6 Kb6 32. Rxg6 Ne3 33. h4 Nd5 34. Nxd5+ cxd5 35. Rxe6 Kc5 36. Rf6 1-0

[Event "Titled Tuesday intern op 09th Jan Early"]
[Site "Chess.com INT"]
[Date "2024.01.09"]
[Round "9"]
[White "Tasev, Dejan"]
[Black "Szyszylo, Rafal"]
[Result "1-0"]
[WhiteElo "2188"]
[BlackElo "2075"]
[PlyCount "79"]
[EventDate "2024.01.09"]
[EventType "swiss (blitz)"]
[EventRounds "11"]
[EventCountry "USA"]
[SourceTitle "CB03_2024"]
[SourceDate "2024.01.17"]
[SourceVersion "1"]
[SourceVersionDate "2024.01.17"]
[SourceQuality "1"]

1. e4 d6 2. d4 Nf6 3. Nc3 g6 4. f3 c6 5. Be3 Nbd7 6. Qd2 b5 7. a3 Nb6 8. h4 h5 9. Nh3 Bxh3 10. Rxh3 Bg7 11. d5 Nc4 12. Bxc4 bxc4 13. dxc6 Qc7 14. Bd4 e5 15. Be3 Qxc6 16. 0-0-0 Rd8 17. Nd5 Nxd5 18. Qxd5 Qc7 19. Qb5+ Rd7 20. Rd5 Ke7 21. Rh1 c3 22. b3 Rb8 23. Qa4 Ke6 24. Rhd1 Bf8 25. g3 Rb7 26. f4 f6 27. f5+ gxf5 28. exf5+ Kf7 29. g4 hxg4 30. Qxg4 Ke8 31. Qg6+ Rf7 32. h5 Kd8 33. h6 Kc8 34. Qg8 Qd8 35. Kb1 Rbd7 36. Qg1 Be7 37. Qf1 Kb8 38. Qa6 Rb7 39. Rb5 Qd7 40. Rdd5 1-0

[Event "Titled Tuesday intern op 19th Dec Early"]
[Site "Chess.com INT"]
[Date "2023.12.19"]
[Round "1"]
[White "Szyszylo, Rafal"]
[Black "Goltsev, Dmitry"]
[Result "0-1"]
[WhiteElo "2075"]
[BlackElo "2215"]
[PlyCount "72"]
[EventDate "2023.12.19"]
[EventType "swiss (blitz)"]
[EventRounds "11"]
[EventCountry "USA"]
[SourceTitle "CB52_2023"]
[SourceDate "2023.12.27"]
[SourceVersion "1"]
[SourceVersionDate "2023.12.27"]
[SourceQuality "1"]

1. e4 e6 2. d4 d5 3. e5 c5 4. c3 Nc6 5. Nf3 Qb6 6. Bd3 Nge7 7. 0-0 Nf5 8. dxc5 Bxc5 9. b4 Be7 10. b5 Na5 11. a4 Nc4 12. Nbd2 Nce3 13. a5 Qc5 14. Ba3 Qxa3 15. fxe3 Qxc3 16. Bxf5 exf5 17. Qe2 Be6 18. Nd4 Qc8 19. b6 axb6 20. axb6 Rxa1 21. Rxa1 0-0 22. N2f3 Qc5 23. Qb2 Rc8 24. h4 h6 25. Kh2 Bd8 26. Nxe6 fxe6 27. Nd4 Bxh4 28. Ra7 Qe7 29. Qe2 Kh7 30. Qh5 Bg5 31. Qf3 Rc3 32. Nxf5 exf5 33. Qxf5+ g6 34. Qc8 Qxe5+ 35. Kh3 Rxe3+ 36. Kg4 Qg3# 0-1

[Event "Titled Tuesday intern op 19th Dec Early"]
[Site "Chess.com INT"]
[Date "2023.12.19"]
[Round "8"]
[White "Tikhonov, Viacheslav"]
[Black "Szyszylo, Rafal"]
[Result "1-0"]
[WhiteElo "2160"]
[BlackElo "2075"]
[PlyCount "77"]
[EventDate "2023.12.19"]
[EventType "swiss (blitz)"]
[EventRounds "11"]
[EventCountry "USA"]
[SourceTitle "CB52_2023"]
[SourceDate "2023.12.27"]
[SourceVersion "1"]
[SourceVersionDate "2023.12.27"]
[SourceQuality "1"]

1. e4 d6 2. d4 Nf6 3. Nc3 g6 4. h3 Bg7 5. Be3 c6 6. a4 0-0 7. g4 e5 8. Nge2 Re8 9. Bg2 a5 10. 0-0 exd4 11. Bxd4 Nbd7 12. Qd2 Qc7 13. Rad1 Ne5 14. b3 h5 15. g5 Nh7 16. f4 Nd7 17. Bxg7 Kxg7 18. Qd4+ Kg8 19. Qxd6 Qb6+ 20. Kh2 Nc5 21. Nd5 Qa7 22. Ne7+ Kg7 23. Qd4+ f6 24. e5 fxg5 25. e6+ Kh6 26. fxg5+ Nxg5 27. Nf5+ gxf5 28. Qf6+ Kh7 29. Qxf5+ Kh8 30. Qf6+ Kh7 31. Qxg5 Qb8+ 32. Kh1 Bxe6 33. Qxh5+ Kg7 34. Qg5+ Kh7 35. Qh4+ Kg7 36. Nf4 Qe5 37. Nh5+ Kg6 38. Nf4+ Kg7 39. Rde1 1-0

[Event "Titled Tuesday intern op 14th Nov Early"]
[Site "Chess.com INT"]
[Date "2023.11.14"]
[Round "2"]
[White "Akkarakaran, John Veny"]
[Black "Szyszylo, Rafal"]
[Result "1-0"]
[WhiteElo "2112"]
[BlackElo "2063"]
[PlyCount "121"]
[EventDate "2023.11.14"]
[EventType "swiss (blitz)"]
[EventRounds "11"]
[EventCountry "USA"]
[SourceTitle "CB47_2023"]
[SourceDate "2023.11.22"]
[SourceVersion "1"]
[SourceVersionDate "2023.11.22"]
[SourceQuality "1"]

1. e4 d6 2. Nf3 Nf6 3. Nc3 g6 4. d4 Bg7 5. Be2 0-0 6. 0-0 Bg4 7. Re1 Nc6 8. h3 Bxf3 9. Bxf3 e5 10. dxe5 dxe5 11. g3 Qe7 12. Nd5 Qd6 13. c3 Rad8 14. Bg5 h6 15. Bxf6 Bxf6 16. Qb3 b6 17. Rad1 Na5 18. Qb4 c5 19. Qb5 Kg7 20. h4 Qc6 21. Qe2 c4 22. Qc2 b5 23. h5 a6 24. Kg2 Bg5 25. Nb4 Qb7 26. Rxd8 Rxd8 27. Rd1 Nc6 28. Nd5 Ne7 29. hxg6 fxg6 30. a4 Nxd5 31. exd5 Rd6 32. axb5 Qxb5 33. Ra1 h5 34. Ra4 Kf6 35. Rb4 Qc5 36. Qe4 Qc7 37. Rxc4 Qb6 38. b4 h4 39. gxh4 Bf4 40. Rc8 Qb7 41. Rf8+ Kg7 42. Re8 Qd7 43. Rb8 Qe7 44. Kh3 Qf6 45. Rb7+ Kh6 46. c4 Rd8 47. c5 Rh8 48. d6 g5 49. h5 g4+ 50. Bxg4 Qg5 51. Qg6+ Qxg6 52. hxg6 Kxg6+ 53. Kg2 Kg5 54. Be6 e4 55. d7 Kf6 56. Bh3 Ke7 57. c6 Kd6 58. c7 Rg8+ 59. Kf1 Bh2 60. c8Q Rg1+ 61. Ke2 1-0

[Event "Titled Tuesday intern op 14th Nov Early"]
[Site "Chess.com INT"]
[Date "2023.11.14"]
[Round "1"]
[White "De Silva, LMST"]
[Black "Szyszylo, Rafal"]
[Result "1-0"]
[WhiteElo "2394"]
[BlackElo "2063"]
[PlyCount "67"]
[EventDate "2023.11.14"]
[EventType "swiss (blitz)"]
[EventRounds "11"]
[EventCountry "USA"]
[SourceTitle "CB47_2023"]
[SourceDate "2023.11.22"]
[SourceVersion "1"]
[SourceVersionDate "2023.11.22"]
[SourceQuality "1"]

1. b3 d6 2. Bb2 Nf6 3. g3 g6 4. Bg2 Bg7 5. Nf3 0-0 6. d4 Nc6 7. 0-0 e5 8. dxe5 Ng4 9. c4 dxe5 10. h3 Nh6 11. e4 f6 12. Nc3 Nf7 13. Nd5 Be6 14. Qc2 Rc8 15. Rfd1 Qe8 16. Nh2 Nd6 17. Nxc7 Rxc7 18. Rxd6 Qe7 19. Rdd1 b5 20. cxb5 Nd4 21. Qd3 Qd7 22. Nf3 Nxb5 23. Qe3 Qc8 24. Rac1 Rxc1 25. Rxc1 Qb7 26. Ne1 Rc8 27. Nd3 Rxc1+ 28. Qxc1 Nd4 29. Kh2 h5 30. Nc5 Qc6 31. Nxe6 Qxe6 32. Bf1 Kh7 33. Qc4 Qd6 34. Kg2 1-0

[Event "Titled Tuesday intern op 24th Oct Late"]
[Site "Chess.com INT"]
[Date "2023.10.24"]
[Round "8"]
[White "Su, Dion"]
[Black "Szyszylo, Rafal"]
[Result "1-0"]
[WhiteElo "1922"]
[BlackElo "2071"]
[PlyCount "61"]
[EventDate "2023.10.24"]
[EventType "swiss (blitz)"]
[EventRounds "11"]
[EventCountry "USA"]
[SourceTitle "Mega2024 Update 01"]
[Source "Chessbase"]
[SourceDate "2023.11.12"]
[SourceVersion "1"]
[SourceVersionDate "2023.11.12"]
[SourceQuality "1"]

1. e4 d6 2. d4 Nf6 3. Nc3 g6 4. f3 c6 5. Be3 b5 6. Qd2 Nbd7 7. 0-0-0 Nb6 8. Bd3 b4 9. Nce2 a5 10. g4 Qc7 11. h4 h5 12. gxh5 Nxh5 13. Kb1 Bg7 14. Nh3 Bxh3 15. Rxh3 c5 16. dxc5 dxc5 17. Bb5+ Kf8 18. Nf4 Nxf4 19. Bxf4 Be5 20. Bxe5 Qxe5 21. Rhh1 Kg7 22. f4 Qxe4 23. Rhe1 Qb7 24. f5 Rxh4 25. fxg6 fxg6 26. Qg5 Re4 27. Rh1 Rh8 28. Rxh8 Kxh8 29. Qh6+ Kg8 30. Qxg6+ Kf8 31. Rd8# 1-0

[Event "Titled Tuesday intern op 24th Oct Late"]
[Site "Chess.com INT"]
[Date "2023.10.24"]
[Round "11"]
[White "Szyszylo, Rafal"]
[Black "Cardozo Munar, Carlos Eduardo"]
[Result "1-0"]
[WhiteElo "2071"]
[BlackElo "2043"]
[PlyCount "129"]
[EventDate "2023.10.24"]
[EventType "swiss (blitz)"]
[EventRounds "11"]
[EventCountry "USA"]
[SourceTitle "Mega2024 Update 01"]
[Source "Chessbase"]
[SourceDate "2023.11.12"]
[SourceVersion "1"]
[SourceVersionDate "2023.11.12"]
[SourceQuality "1"]

1. e4 e6 2. d4 d5 3. e5 c5 4. c3 Nc6 5. Nf3 Qb6 6. Bd3 Bd7 7. dxc5 Bxc5 8. 0-0 Nh6 9. b4 Be7 10. b5 Na5 11. a4 Rc8 12. Re1 Nc4 13. Nbd2 Ng4 14. Qe2 Bc5 15. Bxc4 Bxf2+ 16. Kf1 Bxe1 17. Qxe1 dxc4 18. Ne4 0-0 19. h3 f5 20. Nd6 Rcd8 21. Nxc4 Qc5 22. Nd6 Bc8 23. Bf4 Nh6 24. Bxh6 gxh6 25. Rd1 Qc7 26. c4 Kh8 27. Qe3 Qg7 28. c5 Rg8 29. Rd2 Rdf8 30. Qf4 Bd7 31. Nd4 a6 32. c6 bxc6 33. bxc6 Bc8 34. a5 Qg5 35. Qxg5 hxg5 36. Nxc8 Rxc8 37. Rc2 Rge8 38. Kf2 Kg7 39. g4 fxg4 40. hxg4 Kf7 41. Ke3 Ke7 42. Rh2 Rh8 43. Rh6 Kf7 44. Rf6+ Ke7 45. Rxe6+ Kf7 46. Rf6+ Ke7 47. Rh6 Kf7 48. Ke4 Kg7 49. Rd6 h5 50. Nf5+ Kf7 51. gxh5 Rxh5 52. Kd5 Rh1 53. e6+ Kf6 54. Nd4 Rd1 55. Rd7 g4 56. Rf7+ Kg6 57. Rf4 Kg5 58. Rf5+ Kg6 59. Re5 g3 60. Re3 Rg1 61. e7 g2 62. Rg3+ Kf7 63. Kd6 Rd1 64. Rf3+ Ke8 65. Rf8# 1-0

[Event "Titled Tuesday intern op 26th Sep Late"]
[Site "Chess.com INT"]
[Date "2023.09.26"]
[Round "6"]
[White "Szyszylo, Rafal"]
[Black "Espinosa Veloz, Ermes"]
[Result "1-0"]
[WhiteElo "2074"]
[BlackElo "2478"]
[PlyCount "93"]
[EventDate "2023.09.26"]
[EventType "swiss (blitz)"]
[EventRounds "11"]
[EventCountry "USA"]
[SourceTitle "EXT 2024"]
[Source "ChessBase"]
[SourceDate "2023.10.10"]
[SourceVersion "1"]
[SourceVersionDate "2023.10.10"]
[SourceQuality "1"]

1. e4 e6 2. d4 d5 3. e5 c5 4. c3 Nc6 5. Nf3 Qb6 6. Bd3 cxd4 7. 0-0 Bd7 8. Re1 Rc8 9. Nbd2 dxc3 10. bxc3 Na5 11. Rb1 Qc7 12. c4 dxc4 13. Bc2 Ne7 14. Ba3 Nd5 15. Bxf8 Kxf8 16. Ne4 Bc6 17. Qd2 h6 18. Nd6 Rd8 19. Nd4 c3 20. Qc1 g6 21. Bxg6 fxg6 22. Nxe6+ Ke7 23. Nxc7 Nxc7 24. Qf4 Rdf8 25. Qh4+ Ke6 26. Qb4 b6 27. Qxc3 Nd5 28. Qh3+ Ke7 29. Rbc1 Nf4 30. Qa3 Ke6 31. Rxc6 Nxc6 32. Qb3+ Kd7 33. Nf7 Rh7 34. e6+ Ke8 35. Nd6+ Ke7 36. Nb5 Rd8 37. Qa3+ Kf6 38. g3 Rd3 39. Qb2+ Kf5 40. gxf4 Kxf4 41. Qc1+ Kf5 42. Re3 Rxe3 43. Qxe3 Ne5 44. Nd6+ Kxe6 45. Nc4 Re7 46. Qxe5+ Kf7 47. Qd5+ 1-0

[Event "Titled Tuesday intern op 26th Sep Late"]
[Site "Chess.com INT"]
[Date "2023.09.26"]
[Round "3"]
[White "Szyszylo, Rafal"]
[Black "He, Samuel Fei"]
[Result "0-1"]
[WhiteElo "2074"]
[BlackElo "2168"]
[PlyCount "86"]
[EventDate "2023.09.26"]
[EventType "swiss (blitz)"]
[EventRounds "11"]
[EventCountry "USA"]
[SourceTitle "EXT 2024"]
[Source "ChessBase"]
[SourceDate "2023.10.10"]
[SourceVersion "1"]
[SourceVersionDate "2023.10.10"]
[SourceQuality "1"]

1. e4 c6 2. d4 d5 3. e5 Bf5 4. h4 h6 5. g4 Be4 6. f3 Bh7 7. e6 Nf6 8. f4 c5 9. Bb5+ Nc6 10. Be3 Be4 11. Rh2 h5 12. g5 Ng4 13. Rh3 fxe6 14. Nc3 Bf5 15. Rg3 g6 16. Qd2 Bg7 17. Nf3 0-0 18. Bxc6 bxc6 19. Ne5 Bxe5 20. fxe5 Nxe3 21. Qxe3 cxd4 22. Qxd4 Qb6 23. 0-0-0 c5 24. Qa4 Rab8 25. b3 Qb4 26. Qxb4 Rxb4 27. Na4 Rc8 28. Rh1 c4 29. Rh2 cxb3 30. axb3 d4 31. Kb2 Kf7 32. Rf3 Rb5 33. Rf4 Rd8 34. Rd2 d3 35. cxd3 Rxe5 36. d4 Re3 37. Nc5 Rb8 38. Rff2 a5 39. d5 exd5 40. Rxd5 a4 41. Rd3 Rxd3 42. Nxd3 Rxb3+ 43. Kc2 Rxd3 0-1

[Event "Titled Tuesday intern op 19th Sep Late"]
[Site "Chess.com INT"]
[Date "2023.09.19"]
[Round "3"]
[White "Janaszak, Dawid"]
[Black "Szyszylo, Rafal"]
[Result "1-0"]
[WhiteElo "2302"]
[BlackElo "2074"]
[PlyCount "51"]
[EventDate "2023.09.19"]
[EventType "swiss (blitz)"]
[EventRounds "11"]
[EventCountry "USA"]
[SourceTitle "EXT 2024"]
[Source "ChessBase"]
[SourceDate "2023.10.10"]
[SourceVersion "1"]
[SourceVersionDate "2023.10.10"]
[SourceQuality "1"]

1. d4 g6 2. Nc3 d6 3. Bf4 Bg7 4. e4 Nd7 5. Nf3 e5 6. Bg5 Ngf6 7. Qd2 h6 8. Bh4 g5 9. Bg3 exd4 10. Nxd4 Nc5 11. 0-0-0 0-0 12. f3 Nh5 13. Bf2 c6 14. h4 Nf4 15. hxg5 hxg5 16. g3 Ng6 17. Be3 g4 18. Qh2 Re8 19. Qh7+ Kf8 20. Nxc6 Qf6 21. Bd4 Ne5 22. Nxe5 Rxe5 23. f4 Ne6 24. fxe5 dxe5 25. Be3 Nd4 26. Nd5 1-0

[Event "Titled Tuesday intern op 19th Sep Early"]
[Site "Chess.com INT"]
[Date "2023.09.19"]
[Round "7"]
[White "Szyszylo, Rafal"]
[Black "Bilan, Danila"]
[Result "0-1"]
[WhiteElo "2074"]
[BlackElo "2303"]
[PlyCount "74"]
[EventDate "2023.09.19"]
[EventType "swiss (blitz)"]
[EventRounds "11"]
[EventCountry "USA"]
[SourceTitle "EXT 2024"]
[Source "ChessBase"]
[SourceDate "2023.10.10"]
[SourceVersion "1"]
[SourceVersionDate "2023.10.10"]
[SourceQuality "1"]

1. e4 c6 2. d4 d5 3. e5 c5 4. c3 Nc6 5. Bb5 Qb6 6. Bxc6+ bxc6 7. dxc5 Qxc5 8. Be3 Qb5 9. b4 e6 10. a4 Qb8 11. Ne2 Qxe5 12. 0-0 Nf6 13. Nd2 Qh5 14. h3 Bd6 15. f4 0-0 16. Bd4 Nd7 17. Nf3 c5 18. bxc5 Bxc5 19. Ng3 Qg6 20. Kh2 Ba6 21. Rf2 Rab8 22. f5 exf5 23. Nh4 Qe6 24. Ngxf5 Bxd4 25. Qxd4 Qe5+ 26. Qxe5 Nxe5 27. Ne7+ Kh8 28. Nxd5 g6 29. Rd1 Kg7 30. Nf6 Rfd8 31. Rxd8 Rxd8 32. Nf3 Kxf6 33. Nxe5+ Kxe5 34. Rxf7 h5 35. Rh7 Rd2 36. Rxa7 Bc4 37. Kg1 h4 0-1